<?xml version="1.0" encoding="UTF-8"?>
<record
    xmlns:xsi="http://www.w3.org/2001/XMLSchema-instance"
    xsi:schemaLocation="http://www.loc.gov/MARC21/slim http://www.loc.gov/standards/marcxml/schema/MARC21slim.xsd"
    xmlns="http://www.loc.gov/MARC21/slim">

  <leader>00187nam a2200073Ia 4500</leader>
  <controlfield tag="008">170524s9999    xx            000 0 und d</controlfield>
  <datafield tag="100" ind1=" " ind2=" ">
    <subfield code="a">ROMNEY- MB</subfield>
  </datafield>
  <datafield tag="245" ind1=" " ind2="0">
    <subfield code="a">ACCOUNTING INFORMATION SYSTEMES</subfield>
  </datafield>
  <datafield tag="260" ind1=" " ind2=" ">
    <subfield code="b">CONCEPT PUB. CO.</subfield>
  </datafield>
  <datafield tag="999" ind1=" " ind2=" ">
    <subfield code="c">7933</subfield>
    <subfield code="d">7933</subfield>
  </datafield>
  <datafield tag="952" ind1=" " ind2=" ">
    <subfield code="0">0</subfield>
    <subfield code="1">0</subfield>
    <subfield code="2">ddc</subfield>
    <subfield code="4">0</subfield>
    <subfield code="7">0</subfield>
    <subfield code="a">01</subfield>
    <subfield code="b">01</subfield>
    <subfield code="d">2017-05-29</subfield>
    <subfield code="p">01-B-85095</subfield>
    <subfield code="r">2017-05-29</subfield>
    <subfield code="u">INFORMATION SYSTEM</subfield>
    <subfield code="w">2017-05-29</subfield>
    <subfield code="y">02</subfield>
  </datafield>
  <datafield tag="952" ind1=" " ind2=" ">
    <subfield code="0">0</subfield>
    <subfield code="1">0</subfield>
    <subfield code="2">ddc</subfield>
    <subfield code="4">0</subfield>
    <subfield code="7">0</subfield>
    <subfield code="a">01</subfield>
    <subfield code="b">01</subfield>
    <subfield code="d">2017-05-29</subfield>
    <subfield code="p">01-B-85096</subfield>
    <subfield code="r">2017-05-29</subfield>
    <subfield code="u">INFORMATION SYSTEM</subfield>
    <subfield code="w">2017-05-29</subfield>
    <subfield code="y">02</subfield>
  </datafield>
  <datafield tag="952" ind1=" " ind2=" ">
    <subfield code="0">0</subfield>
    <subfield code="1">0</subfield>
    <subfield code="2">ddc</subfield>
    <subfield code="4">0</subfield>
    <subfield code="7">0</subfield>
    <subfield code="a">01</subfield>
    <subfield code="b">01</subfield>
    <subfield code="d">2017-05-29</subfield>
    <subfield code="p">01-B-85351</subfield>
    <subfield code="r">2017-05-29</subfield>
    <subfield code="u">INFORMATION SYSTEM</subfield>
    <subfield code="w">2017-05-29</subfield>
    <subfield code="y">02</subfield>
  </datafield>
  <datafield tag="952" ind1=" " ind2=" ">
    <subfield code="0">0</subfield>
    <subfield code="1">0</subfield>
    <subfield code="2">ddc</subfield>
    <subfield code="4">0</subfield>
    <subfield code="7">0</subfield>
    <subfield code="a">01</subfield>
    <subfield code="b">01</subfield>
    <subfield code="d">2017-05-29</subfield>
    <subfield code="p">01-B-85352</subfield>
    <subfield code="r">2017-05-29</subfield>
    <subfield code="u">INFORMATION SYSTEM</subfield>
    <subfield code="w">2017-05-29</subfield>
    <subfield code="y">02</subfield>
  </datafield>
  <datafield tag="952" ind1=" " ind2=" ">
    <subfield code="0">0</subfield>
    <subfield code="1">0</subfield>
    <subfield code="2">ddc</subfield>
    <subfield code="4">0</subfield>
    <subfield code="7">0</subfield>
    <subfield code="a">01</subfield>
    <subfield code="b">01</subfield>
    <subfield code="d">2017-05-29</subfield>
    <subfield code="p">01-B-85353</subfield>
    <subfield code="r">2017-05-29</subfield>
    <subfield code="u">INFORMATION SYSTEM</subfield>
    <subfield code="w">2017-05-29</subfield>
    <subfield code="y">02</subfield>
  </datafield>
  <datafield tag="952" ind1=" " ind2=" ">
    <subfield code="0">0</subfield>
    <subfield code="1">0</subfield>
    <subfield code="2">ddc</subfield>
    <subfield code="4">0</subfield>
    <subfield code="7">0</subfield>
    <subfield code="a">01</subfield>
    <subfield code="b">01</subfield>
    <subfield code="d">2017-05-29</subfield>
    <subfield code="p">01-B-85986</subfield>
    <subfield code="r">2017-05-29</subfield>
    <subfield code="u">INFORMATION SYSTEM</subfield>
    <subfield code="w">2017-05-29</subfield>
    <subfield code="y">02</subfield>
  </datafield>
  <datafield tag="952" ind1=" " ind2=" ">
    <subfield code="0">0</subfield>
    <subfield code="1">0</subfield>
    <subfield code="2">ddc</subfield>
    <subfield code="4">0</subfield>
    <subfield code="7">0</subfield>
    <subfield code="a">01</subfield>
    <subfield code="b">01</subfield>
    <subfield code="d">2017-05-29</subfield>
    <subfield code="p">01-B-85987</subfield>
    <subfield code="r">2017-05-29</subfield>
    <subfield code="u">INFORMATION SYSTEM</subfield>
    <subfield code="w">2017-05-29</subfield>
    <subfield code="y">02</subfield>
  </datafield>
  <datafield tag="952" ind1=" " ind2=" ">
    <subfield code="0">0</subfield>
    <subfield code="1">0</subfield>
    <subfield code="2">ddc</subfield>
    <subfield code="4">0</subfield>
    <subfield code="7">0</subfield>
    <subfield code="a">01</subfield>
    <subfield code="b">01</subfield>
    <subfield code="d">2017-05-29</subfield>
    <subfield code="p">01-B-85988</subfield>
    <subfield code="r">2017-05-29</subfield>
    <subfield code="u">INFORMATION SYSTEM</subfield>
    <subfield code="w">2017-05-29</subfield>
    <subfield code="y">02</subfield>
  </datafield>
  <datafield tag="952" ind1=" " ind2=" ">
    <subfield code="0">0</subfield>
    <subfield code="1">0</subfield>
    <subfield code="2">ddc</subfield>
    <subfield code="4">0</subfield>
    <subfield code="7">0</subfield>
    <subfield code="a">01</subfield>
    <subfield code="b">01</subfield>
    <subfield code="d">2017-05-29</subfield>
    <subfield code="p">01-B-85989</subfield>
    <subfield code="r">2017-05-29</subfield>
    <subfield code="u">INFORMATION SYSTEM</subfield>
    <subfield code="w">2017-05-29</subfield>
    <subfield code="y">02</subfield>
  </datafield>
  <datafield tag="952" ind1=" " ind2=" ">
    <subfield code="0">0</subfield>
    <subfield code="1">0</subfield>
    <subfield code="2">ddc</subfield>
    <subfield code="4">0</subfield>
    <subfield code="7">0</subfield>
    <subfield code="a">01</subfield>
    <subfield code="b">01</subfield>
    <subfield code="d">2017-05-29</subfield>
    <subfield code="p">01-B-85990</subfield>
    <subfield code="r">2017-05-29</subfield>
    <subfield code="u">INFORMATION SYSTEM</subfield>
    <subfield code="w">2017-05-29</subfield>
    <subfield code="y">02</subfield>
  </datafield>
</record>
